000 00425nam a22001577a 4500
003 MPLRDC
005 20220104114228.0
008 210129b ||||| |||| 00| 0 eng d
082 _a857.49 CXQ-3 v.1
100 _a江春南等绘
245 _a红楼梦连环画. 上集
_c
260 _a
_b香港新雅七彩画片公司
_c1975
300 _b
650 _a话本小说及章回--红楼梦
942 _cBK
_o857.49 CXQ-3 v.1
999 _c5836
_d5826